=LDR 00000nam 2200000 4500 =001 INLIS000000000012812 =005 20130612104311 =008 ***********************************Ind** =035 ##$$0010-061300000012812 =041 ##$$a Ind =082 ##$$a 616.362 075 =090 ##$$a 616.362 075, Tes t =245 ##$$a Tes Faal hati Dasar-dasar Konflik dan pemakain dalam klinik, Soewigajo soemohardjo...[et al] =260 ##$$a 1983 $b Bandung =300 ##$$a 180 hlm., Ilus, 21 cm =700 ##$$a Sumoharjo, Swignyo =850 ##$$a NBPNMAT